Rabindranath Tagore tuyển tập tác phẩm. Tập 1, Tiểu thuyết, kịch /
সংরক্ষণ করুন:
| অন্যান্য লেখক: | |
|---|---|
| বিন্যাস: | গ্রন্থ |
| ভাষা: | Vietnamese English |
| প্রকাশিত: |
Hà Nội :
Lao động ; Trung tâm văn hoá ngôn ngữ Đông Tây,
2004.
|
| বিষয়গুলি: | |
| ট্যাগগুলো: |
ট্যাগ যুক্ত করুন
কোনো ট্যাগ নেই, প্রথমজন হিসাবে ট্যাগ করুন!
|
| Thư viện lưu trữ: | Mạng thư viện Đại học Đà Nẵng |
|---|
| LEADER | 01292cam a2200349 a 4500 | ||
|---|---|---|---|
| 001 | 000043752 | ||
| 003 | 1798 | ||
| 005 | 20060627101237.0 | ||
| 008 | 010217b2004 vm 000 vie | ||
| 020 | |c 100000 | ||
| 040 | |a LRC |c LRC |d LRC | ||
| 041 | 1 | |a vie |h eng | |
| 082 | 1 | 4 | |a 891.44809 |b Ra-T |
| 245 | 0 | 0 | |a Rabindranath Tagore tuyển tập tác phẩm. |n Tập 1, |p Tiểu thuyết, kịch / |c Lưu Đức Trung tuyển chọn và giới thiệu. |
| 260 | |a Hà Nội : |b Lao động ; Trung tâm văn hoá ngôn ngữ Đông Tây, |c 2004. | ||
| 300 | |a 885 tr. ; |c 20,5 cm. | ||
| 600 | 1 | 4 | |a Tagore, R. |q (Rabindranath), |d 1861-1941. |
| 630 | 0 | 4 | |a Văn học Ấn Độ. |
| 650 | 0 | 4 | |a Văn học Ấn Độ |x Tagore, R. |
| 700 | 1 | |a Lưu Đức Trung, |e tuyển chọn và giới thiệu. | |
| OWN | |a DUT | ||
| AVA | |a UDN50 |b DUT |c Book |d 891.44809 Ra-T |e available |t Error 5001 Not defined in file expand_doc_bib_avail. |f 2 |g 0 |h N |i 0 |j SH |k 1 | ||
| 999 | |a From the UDN01 | ||
| AVA | |a UDN50 |b DUT |c Book |d 891.44809 Ra-T |e available |t Error 5001 Not defined in file expand_doc_bib_avail. |f 2 |g 0 |h N |i 0 |j SH |k 1 | ||
| TYP | |a Monograph | ||
| TYP | |a Printed language | ||
| 980 | |a Mạng thư viện Đại học Đà Nẵng | ||